It looks like you're offline.
Open Library logo
additional options menu

MARC Record from Scriblio

Record ID marc_records_scriblio_net/part09.dat:172038883:763
Source Scriblio
Download Link /show-records/marc_records_scriblio_net/part09.dat:172038883:763?format=raw

LEADER: 00763nam 2200229 i 4500
001 76489681
003 DLC
005 19770217000000.0
008 770210s1976 fr f00000 fre
010 $a 76489681
015 $aF***
043 $ae-fr---
050 0 $aHT395.F7$bF72 1976a
082 $a309.2/6/0944
110 10 $aFrance.$bConseil économique et social.
245 13 $aLa mise en œuvre d'une politique spécifique d'aide aux petites villes et à leur pays :$bannexes au rapport présenté au nom du Conseil économique et social par Monsieur Marcel Deneux.
260 0 $aParis :$bLe Conseil,$c1976.
300 $a99 leaves ;$c30 cm.
500 $aCover title.
500 $a"200/S.G./14."
650 0 $aRegional planning$zFrance.
700 10 $aDeneux, Marcel.